Представление документа в формате MARC21

Поле Инд. ПП Название Значение
Тип записи a
Библиографический уровень b
001 Контрольный номер DU/601657525
005 Дата корректировки 20250318111712.4
008 Кодируемые данные 20190124
040 b Код языка каталог. rus
e Правила каталог. PSBO
041 0_ a Код языка текста rus
100 1_ a Автор Алекова Г. В.
q Полное имя Алекова Галина Владимировна
245 10 a Заглавие Структура социально-психологических детерминант внутриличностного конфликта у лиц с синдромом алкогольной зависимости
504 a Библиография Библиогр.: с. 11
520 0_ a Аннотация Данная работа посвящена исследованию структуры социально-психологических детерминант внутриличностного конфликта. Цель представленного исследования заключается в определении комплекса ведущих факторов, объясняющих связи между двадцатью восьмью переменными, отобранными на основе исследования анализа социально-психологических детерминант внутриличностного конфликта. Актуальность работы обусловлена практической и социальной значимостью определения роли внутриличностного конфликта в формировании и прогрессирования синдрома алкогольной зависимости; всесторонним подходом к социально-психологической адаптации алкоголезависимых лиц при взаимодействии специалистов разных уровней: наркологов, клинических психологов, социальных работников
650 14 a Основная рубрика психология
a Основная рубрика психология личности
a Основная рубрика социальная психология
653 1_ a Ключевые слова аддиктивное поведение (зависимое поведение)
a Ключевые слова аддикции
a Ключевые слова алкоголизм
a Ключевые слова алкоголики
a Ключевые слова внутриличностные конфликты
a Ключевые слова гендерные различия
a Ключевые слова личностная сфера
a Ключевые слова мотивационная сфера
a Ключевые слова патопсихология
a Ключевые слова социально-психологическая адаптация
a Ключевые слова факторный анализ
773 08 t Заглавие источника Психология. Историко-критические обзоры и современные исследования
d Дата издания источника 2018
g Прочая информация Т. 7, № 1А. - С. 5 - 13 : табл.
w Контрольный № источника DU/598461108
901 t Тип документа b